| 000 | 00646nam a2200157 i 4500 | ||
|---|---|---|---|
| 001 | 182855 | ||
| 003 | ES-MaACL | ||
| 005 | 20250929063301.0 | ||
| 008 | 131115s1881 fr |||| | fre d | ||
| 100 | 1 |
_aMoigno, François, _d1804-1884 _9130010 |
|
| 245 | 1 | 0 |
_aLe Progrès pour tous _b: Annuaire du Kosmos- Les-Mondes pour 1881: Revue du progrès scientifique en 1879-1880 / _cpar M. l'abbé Moigno...; avec la collaboration de M. l'abbé H. Valette,... |
| 260 |
_aAbbeville : _bAau bureau du journal " les-Mondes, _c[1881] |
||
| 300 |
_aVIII, 470 p., 2 h. de lám. ; _c18 cm. |
||
| 852 | _aES-MaACL | ||
| 999 |
_c182855 _d182855 |
||